000 00715nam a2200217 a 4500
999 _c2785
_d2785
001 2785
003 BD-JhCC
005 20190727164556.0
008 171106b1983 bg ||||| |||| 00| 0 ben d
035 _a(BD-JhCC)
040 _aBD-JhCC
_dBD-JhCC
041 _aben
082 _a954.92
_bMOH 1983
100 _aমোহাম্মদ, বেলাল
245 _aস্বাধীন বাংলা বেতার কেন্দ্র /
_cবেলাল মোহাম্মদ
260 _aঢাকা:
_bঅনুপম প্রকাশনী ;
_c১৯৮৩
300 _a২৯৮ পৃ.;
_c২২ সেমি
650 _aFree bengali radio
650 _aBetar
_zBangladesh
942 _2ddc
_cBK